• 首页
  • 本馆介绍
  • 公告通知
  • 最新文献
  • 馆藏检索
  • 电子资源
  • 读者导购
  • 参考咨询
  • 我的图书馆
  • 登录
  • 详细信息显示
  • 放入我的书架
  • 预约/预借图书
  • 作者相关作品
  • 分类相关作品
  • 丛书相关作品
  • 出版社相关作品

书目信息

  • 表格格式
  • 工作单格式
  • 卡片格式
题名:
小八义
    
 
作者: 白树荣 编
分册:  
出版信息: 沈阳   春风文艺出版社  1987
页数: 645页
开本: 19cm
丛书名: 传统评书新编丛书
单 册:
中图分类: I239.87
科图分类:
主题词: 评话--中国--现代
电子资源:
ISBN: 978-7-5313-0006-9
000 00678nam2 2200253 450
001 0100228363
005 20020928000000.0
010    @a978-7-5313-0006-9@dCNY5.3
100    @a19951124d1987 em y0chiy0110 ea
101 0  @achi
102    @aCN@b210000
105    @af z 000yy
106    @ar
200 1  @a小八义@9Xiao Ba Yi @f白树荣编@b专著
210    @a沈阳@c春风文艺出版社@d1987
215    @a645页@c冠图@d19cm
225 2  @a传统评书新编丛书
410  0 @12001 @a传统评书新编丛书
606 0  @a评话@y中国@z现代
690    @aI239.87@v3
701  0 @a白树荣@4编@9bai shu rong
801  0 @aCN@b深圳图书馆
801  2 @aCN@bAiZhiMarc
905    @aBZT@dI239.87@e2@f1@sI239.87/2
    
    小八义/白树荣编.-沈阳:春风文艺出版社,1987
    645页:冠图;19cm.-(传统评书新编丛书)
    
    
    ISBN 978-7-5313-0006-9:CNY5.3
    
●
相关链接 在五车中查询图书 在当当中查询图书 在豆瓣中查询图书


正题名:小八义     索取号:I239.87/2         预约/预借

序号 登录号 条形码 馆藏地/架位号 状态 备注
1 2000072448   2000072448   旧书回溯/ [索取号:I239.87/2] 在馆    
山东省滨州职业学院图书馆 欢迎您!
大连网信软件有限公司© 版权所有